| 000 | 01047nam a2200313 i 4500 | ||
|---|---|---|---|
| 003 | DO-SdBNP | ||
| 005 | 20240412074311.0 | ||
| 007 | ta | ||
| 008 | 110117s198? dr a b 000 j spa d | ||
| 040 |
_aDO-SdBNP _bspa _cBNPHU _erda |
||
| 082 |
_aRD863.44 _bF385s _222 |
||
| 100 | 1 |
_aFerrreras, Ramón Alberto _d1930-1993 _984650 |
|
| 245 | 1 | 3 |
_aSueño de una niña : _bAdela y Samuel / _cRamón Alberto Ferreras ; ilustraciones José Martín Cruz |
| 264 | 1 |
_aSanto Domingo : _bNordeste, _c[198-]. |
|
| 300 |
_a27 páginas _bilustraciones _c21 cm. |
||
| 336 |
_2rdacontent _atexto _btxt |
||
| 337 |
_2rdamedia _asin mediación _bn |
||
| 338 |
_2rdacarrier _avolumen _bnc |
||
| 490 | 1 | _aCuentos y leyendas dominicanas | |
| 521 | _aLibros infantiles. | ||
| 590 | _aInventariado, 2023/ YL | ||
| 650 | 0 |
_aCuentos dominicanos _9176 |
|
| 650 | 0 |
_aPoesía dominicana _966 |
|
| 650 | 0 |
_aLiteratura dominicana. _967 |
|
| 650 | 4 |
_aLiteratura infantil _92053 |
|
| 700 | 1 | 2 |
_aCruz, José Martin _eilustrador _949237 |
| 910 | _aYLockward | ||
| 942 |
_2ddc _cLF2 |
||
| 999 |
_c55530 _d55530 |
||